000 00590nam a2200217 a 4500
005 20210219153211.0
008 991125n 000 0 u
035 _aUPN01000083878
100 _aHayes, Pam
222 _aJOURNAL OF RESEARCH IN READING
245 _aIs hearing-impaired children's reading delayed or different?
300 _a104-116
362 _a15, No. 2, 1992
505 _aFebrero 1993
653 0 _aDETERIORO DEL OIDO
653 0 _aHABILIDAD LECTORA
653 0 _aPROCESOS DE LECTURA
700 _aArnold, Paul
904 _aAC
_b021689
905 _aArticulo
999 _c70901
_d70901